| 000 | 00398nam a22001697a 4500 | ||
|---|---|---|---|
| 003 | NUST | ||
| 020 | _a 9780070181885 | ||
| 038 | _akhadija | ||
| 082 |
_a620.105 _bEIS |
||
| 100 |
_aFleischmann, Charles _982875 |
||
| 245 | _aENGR102 Engineering Mechanics | ||
| 260 |
_aAustralia : _bMcGraw Hill, _c2008. |
||
| 300 |
_a685 p. ; _b29 cm. |
||
| 500 | _aPaperback. | ||
| 563 | _aPB | ||
| 942 |
_cBK _2ddc |
||
| 999 |
_c34012 _d34012 |
||